000 00332 a2200145 4500
001 181503
020 _a
040 _cMagnum
100 _aCapon, Jack J.
240 1 0 _aAtividades com movimentos basicos/v.1
_lpor
245 1 0 _aAtividades com movimentos basicos/v.1
362 0 _a1899
697 _aMAGNITO: GERAL
942 _cBK
999 _c181503
_d181503